Information systems in a business environment/ (Record no. 775799)
[ view plain ]
| 000 -LEADER | |
|---|---|
| fixed length control field | 00647nam a22001937b 4500 |
| 003 - CONTROL NUMBER IDENTIFIER | |
| control field | 3228 |
| 005 - DATE AND TIME OF LATEST TRANSACTION | |
| control field | 20250507101811.0 |
| 008 - FIXED-LENGTH DATA ELEMENTS--GENERAL INFORMATION | |
| fixed length control field | 250507b sa ||||| |||| 00| 0 eng d |
| 020 ## - INTERNATIONAL STANDARD BOOK NUMBER | |
| International Standard Book Number | <a href="9780409100501">9780409100501</a> |
| Qualifying information | (pbk) |
| 040 ## - CATALOGING SOURCE | |
| Original cataloging agency | RDA |
| Transcribing agency | 3228 |
| 082 ## - DEWEY DECIMAL CLASSIFICATION NUMBER | |
| Classification number | 658.4038 INFO |
| 942 ## - ADDED ENTRY ELEMENTS | |
| Creator ID | 367 |
| Creator Name | Ellen Msibi |
| Modifier ID | 367 |
| Modifier Name | Ellen Msibi |
| 100 ## - MAIN ENTRY--PERSONAL NAME | |
| Personal name | Wessels, PL |
| 245 ## - TITLE STATEMENT | |
| Title | Information systems in a business environment/ |
| Statement of responsibility, etc. | PL Wessels, E Grobbelaar, A Mc Gee, GTM Prinsloo. |
| 250 ## - EDITION STATEMENT | |
| Edition statement | Fourth Edition. |
| 260 ## - PUBLICATION, DISTRIBUTION, ETC. | |
| Place of publication, distribution, etc. | Sandton: |
| Name of publisher, distributor, etc. | LexisNexis; |
| Date of publication, distribution, etc. | 2007. |
| 300 ## - PHYSICAL DESCRIPTION | |
| Extent | xx; 261 pages: |
| Other physical details | illustrations; |
| Dimensions | 24 cm. |
| 650 ## - SUBJECT ADDED ENTRY--TOPICAL TERM | |
| Topical term or geographic name entry element | Management information systems |
| Form subdivision | Informations resources - management |
| 9 (RLIN) | 193393 |
| 942 ## - ADDED ENTRY ELEMENTS | |
| Source of classification or shelving scheme | Dewey Decimal Classification |
| item type | Book |
| Withdrawn status | Lost status | Source of classification or shelving scheme | Damaged status | Not for loan | Collection code | Home library | Current library | Shelving location | Date acquired | Cost, normal purchase price | Total Checkouts | Full call number | Barcode | Date last seen | Price effective from | item type |
|---|---|---|---|---|---|---|---|---|---|---|---|---|---|---|---|---|
| Dewey Decimal Classification | 600: Technology & Applied Science | Secunda | Secunda | Non Fiction | 07.05.2025 | 350.00 | 658.4038 INFO | 065141 | 07.05.2025 | 07.05.2025 | Book |